000 00816nam a2200265Ia 4500
003 OSt
005 20221005035402.0
006 a|||||r|||| 00| 0
007 ta
008 221004b |||||||| |||| 00| 0 eng d
020 _a9788178359311 (hbk)
_c950
024 _a6481
037 _b240, 14/08/2013, Om Book Distributots
_cTextual
040 _aCRL
_cCRL
_beng
041 _2eng
_aeng
082 _aV2973.P1, Q2
100 _aMohammad Yasin Ed.
_9104197
245 0 _aPolitics society and development
260 _aDelhi
_bKalpz Pulication India
_c2012
300 _a323p.
_ccm.
650 _aHISTORY
700 _a Chhetri Durga P.
_9588238
942 _hV2973.P1, Q2
_cTEXL
_2cc
999 _c945062
_d945062